Statistics for Biggest Publishers: Super Nintendo

Click here to take the quiz!

General Stats

  • This quiz has been taken 39 times
  • The average score is 5 of 17

Answer Stats

#Games PublishedPublisher% Correct
150Nintendo
100%
334Capcom
93%
427Konami
81%
236Acclaim
44%
1416Hudson
44%
1515LJN
30%
1118Jaleco
26%
820THQ
26%
1515Taito
19%
720EA Sports
15%
919Koei
15%
624Sunsoft
11%
1316GameTek
7%
1217Mindscape
7%
526Ocean Software
7%
1019Sony Imagesoft
4%
1515Virgin Interactive
4%

Score Distribution

Percentile by Number Answered

Percent of People with Each Score

Your Score History

You have not taken this quiz